00626nam a22002297a 450000500170000001000230001702000260004003500170006603500140008303500130009703700150011003700130012508200110013824500860014925000110023526000300024627000410027630000270031750000180034470000170036270000170037920170801141749.0 a1617EN ENG-117111 a9781138237278c895.00 aB-649436-448 aEN-100643 aB-667279 aDPLbAAKAR bDBAD/PUB a801.95 aModern Criticism and theory :cedited by David Lodge [and] Nigel Woodba reader / a3th ed aNew YorkbRoutledgec2017 a711 third avenuebNew YorkeNY 10017 axviii,846p.c25cm(pbk) ainculds index aWood, Nigel  aLodge, David